Tài liệu các kỹ thuật đánh giá trong lớp học, kinh nghiệm quốc tế và đề xuất áp dụng cho bậc học phổ thông ở Việt Nam (lưu hành nội bộ)
Tổng quan về kiểm tra đánh giá trong lớp học; Thực trạng kiểm tra đánh giá trong lớp học và đề xuất các kỹ thuật đánh giá trong lớp học bậc phổ thông ở Việt Nam; Hướng dẫn sử dụng các kỹ thuật đánh giá.
Αποθηκεύτηκε σε:
| Συλλογικό Έργο: | , |
|---|---|
| Μορφή: | Βιβλίο |
| Γλώσσα: | Vietnamese |
| Έκδοση: |
Hà Nội
Nxb. Hà Nội
2013
|
| Σειρά: | Sách dự án phát triển giáo viên THPT & TCCN
|
| Θέματα: | |
| Ετικέτες: |
Προσθήκη ετικέτας
Δεν υπάρχουν, Καταχωρήστε ετικέτα πρώτοι!
|
| Thư viện lưu trữ: | Mạng thư viện Đại học Đà Nẵng |
|---|
| LEADER | 01690nam a2200349 4500 | ||
|---|---|---|---|
| 001 | 000019003 | ||
| 003 | 15438 | ||
| 005 | 20140226090216.0 | ||
| 008 | 140226s2013 viesd | ||
| 041 | 0 | |a vie | |
| 082 | 1 | 4 | |a 373.126 |b BÔG |
| 110 | 1 | |a Bộ Giáo dục và đào tạo | |
| 245 | 1 | 0 | |a Tài liệu các kỹ thuật đánh giá trong lớp học, kinh nghiệm quốc tế và đề xuất áp dụng cho bậc học phổ thông ở Việt Nam |b (lưu hành nội bộ) |c Bộ giáo dục và đào tạo, Ngân hàng phát triển châu Á |
| 260 | |a Hà Nội |b Nxb. Hà Nội |c 2013 | ||
| 300 | |a 260 tr. |c 27 cm. | ||
| 490 | |a Sách dự án phát triển giáo viên THPT & TCCN | ||
| 520 | 3 | |a Tổng quan về kiểm tra đánh giá trong lớp học; Thực trạng kiểm tra đánh giá trong lớp học và đề xuất các kỹ thuật đánh giá trong lớp học bậc phổ thông ở Việt Nam; Hướng dẫn sử dụng các kỹ thuật đánh giá. | |
| 650 | 0 | 4 | |a Giáo dục trung học |x Đánh giá chất lượng |z Việt Nam |
| 653 | |a Giáo dục phổ thông | ||
| 653 | |a Giáo dục trung học | ||
| 653 | |a Đánh giá lớp học | ||
| 710 | |a Ngân hàng phát triển châu Á | ||
| OWN | |a LSP | ||
| AVA | |a UDN50 |b LSP |d 373.126 BÔG |e available |t Error 5001 Not defined in file expand_doc_bib_avail. |f 4 |g 0 |h N |i 0 |k 1 | ||
| 999 | |a From the UDN01 | ||
| AVA | |a UDN50 |b LSP |d 373.126 BÔG |e available |t Error 5001 Not defined in file expand_doc_bib_avail. |f 4 |g 0 |h N |i 0 |k 1 | ||
| TYP | |a Monograph | ||
| TYP | |a Printed language | ||
| 980 | |a Mạng thư viện Đại học Đà Nẵng | ||